Marta la piadosa
محفوظ في:
| التنسيق: | كتاب |
|---|---|
| اللغة: | الإسبانية |
| منشور في: |
Madrid
Internacional
1924
|
| سلاسل: | Teatro Español
|
| الموضوعات: | |
| الوسوم: |
إضافة وسم
لا توجد وسوم, كن أول من يضع وسما على هذه التسجيلة!
|
MARC
| LEADER | 00000nam a2200000 a 4500 | ||
|---|---|---|---|
| 001 | UCZ0358 | ||
| 003 | CL-VaPUC | ||
| 008 | 950728e19240000SP |||||||||||||||||spa|d | ||
| 082 | 0 | 4 | |a 862 |b TIR |2 21 |
| 245 | 1 | 0 | |a Marta la piadosa |
| 300 | |a 171 p | ||
| 942 | |c BK | ||
| 945 | |d 19950728 00:00:00 |a rbrito | ||
| 260 | |a Madrid |b Internacional |c 1924 | ||
| 650 | 0 | |a Drama español |9 265098 | |
| 583 | |a last modification |c 19950728 00:00:00 |k Rodrigo Vera | ||
| 490 | 0 | |a Teatro Español | |
| 999 | |c 237298 |d 237296 | ||
| 952 | |0 0 |1 0 |4 0 |6 862_000000000000000_TIR_1924 |7 0 |8 A |9 246220 |a BIBEDU |b BIBEDU |d 2019-11-18 |i 3099997 |o 862 TIR 1924 |p 3099997 |r 2019-11-18 |w 2019-11-18 |y BK |k LIT | ||